[Event "EU-chT Seniors 15th"]
[Site "Dresden"]
[Date "2013.07.21"]
[Round "2"]
[White "Westerinen, Heikki MJ"]
[Black "Meier, Wolfgang"]
[Result "1-0"]
[WhiteElo "2286"]
[BlackElo "2188"]
[PlyCount "67"]
[EventDate "2013.07.20"]
[EventType "team-swiss"]
[EventRounds "9"]
[EventCountry "GER"]
[SourceTitle "CBM 155 Extra"]
[Source "ChessBase"]
[SourceDate "2013.08.26"]
[SourceVersion "1"]
[SourceVersionDate "2013.08.26"]
[SourceQuality "1"]
[WhiteTeam "Finland"]
[BlackTeam "Dresden Lokomotiv"]
[WhiteTeamCountry "FIN"]
[BlackTeamCountry "GER"]

1. e4 c5 2. Nf3 d6 3. d4 cxd4 4. Nxd4 Nf6 5. Nc3 a6 6. a4 e5 7. Nf3 Qc7 8. Bg5 Nbd7 9. Nd2 h6 10. Be3 b6 11. Bc4 Bb7 12. f3 Be7 13. 0-0 0-0 14. Qe2 Nc5 15. Rfd1 Bc6 16. Bxc5 bxc5 17. Bxa6 Qb6 18. Bb5 Ne8 19. Nc4 Qb7 20. Bxc6 Qxc6 21. Nd5 Bd8 22. b3 g6 23. Qd3 Kg7 24. a5 Qa6 25. Ra4 Rc8 26. Nxe5 Qxd3 27. Nxd3 Nf6 28. Nb2 Nxd5 29. Rxd5 Bc7 30. Nc4 Rfd8 31. Kf2 Ra8 32. Ke3 Ra6 33. c3 Rc6 34. Kd3 1-0

[Event "MVP-ch Seniors op 12th"]
[Site "Binz"]
[Date "2012.12.06"]
[Round "9"]
[White "Meier, Wolfgang"]
[Black "Haubt, Georg"]
[Result "1/2-1/2"]
[WhiteElo "2057"]
[BlackElo "2128"]
[PlyCount "58"]
[EventDate "2012.11.28"]
[EventType "swiss"]
[EventRounds "9"]
[EventCountry "GER"]
[SourceTitle "EXT 2014"]
[Source "ChessBase"]
[SourceDate "2013.11.20"]
[SourceVersion "1"]
[SourceVersionDate "2013.11.20"]
[SourceQuality "1"]

1. d4 d5 2. c4 Nc6 3. cxd5 Qxd5 4. e3 e5 5. Nc3 Bb4 6. Bd2 Bxc3 7. Bxc3 exd4 8. Ne2 Nf6 9. Nxd4 0-0 10. Nxc6 Qxc6 11. Rc1 Re8 12. Bd4 Qd6 13. Be2 Ne4 14. 0-0 Be6 15. Qc2 Bd5 16. f3 Ng5 17. Qxc7 Qxc7 18. Rxc7 Ne6 19. Rc2 Nxd4 20. exd4 Bxa2 21. Bc4 Bxc4 22. Rxc4 Re2 23. Rf2 Re1+ 24. Rf1 Re6 25. d5 Rb6 26. Rd1 Kf8 27. Rd2 Rd8 28. Rc7 g6 29. Kf2 Rbd6 1/2-1/2

[Event "MVP-ch Seniors op 12th"]
[Site "Binz"]
[Date "2012.11.30"]
[Round "3"]
[White "Meier, Wolfgang"]
[Black "Bussler, Juergen"]
[Result "1-0"]
[WhiteElo "2057"]
[BlackElo "1851"]
[PlyCount "96"]
[EventDate "2012.11.28"]
[EventType "swiss"]
[EventRounds "9"]
[EventCountry "GER"]
[SourceTitle "EXT 2014"]
[Source "ChessBase"]
[SourceDate "2013.11.20"]
[SourceVersion "1"]
[SourceVersionDate "2013.11.20"]
[SourceQuality "1"]

1. c4 Nf6 2. Nc3 e5 3. g3 d5 4. cxd5 Nxd5 5. Bg2 Nxc3 6. bxc3 c6 7. Nf3 Bd6 8. 0-0 0-0 9. Rb1 Qc7 10. Qc2 Nd7 11. d4 Re8 12. e4 c5 13. dxe5 Nxe5 14. Nxe5 Bxe5 15. f4 Bd6 16. e5 Bf8 17. c4 g6 18. Bd5 Bf5 19. Be4 Bxe4 20. Qxe4 b6 21. Rd1 Rad8 22. Be3 Rxd1+ 23. Rxd1 Rd8 24. Rd5 Qe7 25. Kg2 Re8 26. Qd3 Qb7 27. Kg1 Qc6 28. Bd2 a6 29. h4 b5 30. h5 bxc4 31. Qxc4 Rb8 32. hxg6 hxg6 33. a4 Qe6 34. Qe4 Qc6 35. Rd4 Qxe4 36. Rxe4 Rd8 37. Be3 Rb8 38. Bd2 Rd8 39. Be1 Be7 40. g4 f5 41. exf6 Bxf6 42. Re6 Bd4+ 43. Kf1 Kf7 44. Rxa6 c4 45. Rc6 c3 46. a5 Rd5 47. a6 Ra5 48. Ke2 c2 1-0

[Event "MVP-ch Seniors op 12th"]
[Site "Binz"]
[Date "2012.11.29"]
[Round "2"]
[White "Gudat, Alfons"]
[Black "Meier, Wolfgang"]
[Result "0-1"]
[WhiteElo "1787"]
[BlackElo "2057"]
[PlyCount "98"]
[EventDate "2012.11.28"]
[EventType "swiss"]
[EventRounds "9"]
[EventCountry "GER"]
[SourceTitle "EXT 2014"]
[Source "ChessBase"]
[SourceDate "2013.11.20"]
[SourceVersion "1"]
[SourceVersionDate "2013.11.20"]
[SourceQuality "1"]

1. Nf3 d5 2. d4 c6 3. c4 Nf6 4. e3 Bg4 5. cxd5 Nxd5 6. Be2 e6 7. 0-0 Nd7 8. e4 N5f6 9. Nc3 Be7 10. h3 Bh5 11. Be3 0-0 12. e5 Nd5 13. Nxd5 exd5 14. Qb3 Qb6 15. Qxb6 axb6 16. a3 b5 17. g4 Bg6 18. Nd2 f5 19. f4 Nb6 20. Bd3 Nc4 21. Nxc4 bxc4 22. Be2 b5 23. Kh2 Ra7 24. Bd2 Rfa8 25. Rae1 h6 26. Bd1 Bh7 27. Bc2 g6 28. Rg1 Kh8 29. Rg2 Rf8 30. gxf5 gxf5 31. Reg1 c5 32. Be3 Rc7 33. Rg7 Rfc8 34. Rxh7+ Kxh7 35. Bxf5+ Kh8 36. Bxc8 Rxc8 37. Rg6 b4 38. dxc5 bxa3 39. bxa3 Bxc5 40. Bc1 d4 41. f5 c3 42. Rxh6+ Kg8 43. Rg6+ Kh8 44. Rg3 Re8 45. Bf4 c2 46. Rb3 Kg8 47. e6 Bd6 48. Rg3+ Kh7 49. Bc1 Rg8 0-1

[Event "Bad Harzburg Seniors op 13th"]
[Site "Bad Harzburg"]
[Date "2012.11.02"]
[Round "5"]
[White "Meier, Wolfgang"]
[Black "Breitfeld, Joachim"]
[Result "1-0"]
[WhiteElo "2033"]
[BlackElo "1862"]
[PlyCount "147"]
[EventDate "2012.10.30"]
[EventType "swiss"]
[EventRounds "6"]
[EventCountry "GER"]
[SourceTitle "EXT 2014"]
[Source "ChessBase"]
[SourceDate "2013.11.20"]
[SourceVersion "1"]
[SourceVersionDate "2013.11.20"]
[SourceQuality "1"]

1. c4 g6 2. Nc3 Bg7 3. d4 d6 4. Nf3 Nc6 5. e4 Bg4 6. Be3 e5 7. d5 Nd4 8. Be2 Nxe2 9. Qxe2 f5 10. h3 Bxf3 11. Qxf3 f4 12. Bd2 Qd7 13. 0-0-0 a6 14. Qd3 Nf6 15. Kb1 0-0 16. Rc1 Rfb8 17. Ne2 c5 18. dxc6 Qxc6 19. f3 b5 20. cxb5 Qxb5 21. Qxb5 axb5 22. Bb4 d5 23. Bd6 Re8 24. Nc3 Re6 25. Bb4 dxe4 26. fxe4 Bf8 27. Bxf8 Rxf8 28. Rhe1 b4 29. Nd5 Nh5 30. Nxb4 f3 31. gxf3 Rxf3 32. Rc3 Rxc3 33. bxc3 Nf4 34. Re3 g5 35. a4 Re8 36. a5 Ne6 37. a6 Nc5 38. a7 Kf7 39. Nc6 Ra8 40. Nxe5+ Ke6 41. Nf3 h6 42. Nd4+ Ke5 43. Re2 Nxe4 44. Nb5 h5 45. Ra2 g4 46. hxg4 hxg4 47. Kc2 g3 48. Kb3 Nf2 49. Ra1 Nh3 50. Nd4 g2 51. Ne2 g1Q 52. Nxg1 Nxg1 53. Rxg1 Rxa7 54. Rd1 Rb7+ 55. Kc2 Rc7 56. Rd8 Ke4 57. Rd4+ Ke3 58. Rh4 Rd7 59. c4 Rd4 60. Rh3+ Ke4 61. Kc3 Rd1 62. Rh5 Rb1 63. c5 Rc1+ 64. Kb4 Rb1+ 65. Kc4 Rc1+ 66. Kb5 Rb1+ 67. Kc6 Rb2 68. Kd6 Rd2+ 69. Kc7 Rc2 70. c6 Rb2 71. Kc8 Rc2 72. c7 Rb2 73. Rh1 Ke5 74. Rd1 1-0

[Event "GER-ch Seniors"]
[Site "Dresden"]
[Date "2012.08.17"]
[Round "9"]
[White "Meier, Wolfgang"]
[Black "Selig, Rainer"]
[Result "1/2-1/2"]
[WhiteElo "2187"]
[BlackElo "2031"]
[PlyCount "22"]
[EventDate "2012.08.09"]
[EventType "swiss"]
[EventRounds "9"]
[EventCountry "GER"]
[SourceTitle "EXT 2014"]
[Source "ChessBase"]
[SourceDate "2013.11.20"]
[SourceVersion "1"]
[SourceVersionDate "2013.11.20"]
[SourceQuality "1"]

1. d4 d5 2. c4 c6 3. Nf3 Nf6 4. Nc3 e6 5. Bg5 h6 6. Bxf6 Qxf6 7. e3 Nd7 8. Bd3 g6 9. Qe2 Bg7 10. Rd1 0-0 11. 0-0 Qe7 1/2-1/2

[Event "GER-ch Seniors"]
[Site "Dresden"]
[Date "2012.08.15"]
[Round "7"]
[White "Meier, Wolfgang"]
[Black "Shapiro, Yosip"]
[Result "0-1"]
[WhiteElo "2187"]
[BlackElo "2098"]
[PlyCount "120"]
[EventDate "2012.08.09"]
[EventType "swiss"]
[EventRounds "9"]
[EventCountry "GER"]
[SourceTitle "EXT 2014"]
[Source "ChessBase"]
[SourceDate "2013.11.20"]
[SourceVersion "1"]
[SourceVersionDate "2013.11.20"]
[SourceQuality "1"]

1. d4 Nf6 2. c4 g6 3. Nc3 Bg7 4. Nf3 0-0 5. Bg5 c5 6. d5 d6 7. e3 Na6 8. Be2 Bd7 9. 0-0 Nc7 10. Qd2 Rb8 11. a4 a6 12. a5 h6 13. Bh4 g5 14. Bg3 Nh5 15. Ra3 Nxg3 16. hxg3 Bf5 17. Ne1 Re8 18. g4 Bd7 19. Ne4 b5 20. axb6 Rxb6 21. Nd3 Qb8 22. b3 f5 23. gxf5 Bxf5 24. Ng3 Bg6 25. Nc1 Rf8 26. Bd3 Qe8 27. Qc2 Bxd3 28. Qxd3 Qf7 29. Ra2 Be5 30. Nce2 Rfb8 31. Rb1 Qh7 32. Ne4 Ne8 33. f4 gxf4 34. exf4 Bg7 35. Qf3 Kh8 36. N2g3 Bd4+ 37. Kf1 Ng7 38. Re2 Rf8 39. Qg4 a5 40. Nd2 h5 41. Qh4 Bf6 42. Qh3 a4 43. Nge4 Bd4 44. Ng5 Rxf4+ 45. Ke1 Qf5 46. Qxf5 Nxf5 47. Nh3 Rg4 48. bxa4 Ra6 49. Nf3 Bc3+ 50. Kf2 Rxa4 51. Nhg5 Rb4 52. Rh1 h4 53. Ra2 Bf6 54. Ra8+ Kg7 55. Ne6+ Kh7 56. Nd2 Rb2 57. Kf3 Rg3+ 58. Kf4 Rxd2 59. Kxf5 Rf2+ 60. Ke4 Re2+ 0-1

[Event "GER-ch Seniors"]
[Site "Dresden"]
[Date "2012.08.14"]
[Round "6"]
[White "Paus, Franz"]
[Black "Meier, Wolfgang"]
[Result "1/2-1/2"]
[WhiteElo "1960"]
[BlackElo "2187"]
[PlyCount "31"]
[EventDate "2012.08.09"]
[EventType "swiss"]
[EventRounds "9"]
[EventCountry "GER"]
[SourceTitle "EXT 2014"]
[Source "ChessBase"]
[SourceDate "2013.11.20"]
[SourceVersion "1"]
[SourceVersionDate "2013.11.20"]
[SourceQuality "1"]

1. d4 d5 2. c4 c6 3. Nf3 Nf6 4. Nc3 a6 5. cxd5 cxd5 6. e3 Bf5 7. Bd3 Bxd3 8. Qxd3 e6 9. 0-0 Bd6 10. e4 dxe4 11. Nxe4 Nd5 12. Nxd6+ Qxd6 13. a3 Nd7 14. Re1 0-0 15. Ne5 Rac8 16. Bd2 1/2-1/2

[Event "GER-ch Seniors"]
[Site "Dresden"]
[Date "2012.08.12"]
[Round "4"]
[White "Juergens, Peter1"]
[Black "Meier, Wolfgang"]
[Result "1/2-1/2"]
[WhiteElo "2015"]
[BlackElo "2187"]
[PlyCount "50"]
[EventDate "2012.08.09"]
[EventType "swiss"]
[EventRounds "9"]
[EventCountry "GER"]
[SourceTitle "EXT 2014"]
[Source "ChessBase"]
[SourceDate "2013.11.20"]
[SourceVersion "1"]
[SourceVersionDate "2013.11.20"]
[SourceQuality "1"]

1. d4 d5 2. Nf3 c6 3. Bf4 Nf6 4. e3 Bg4 5. Nbd2 e6 6. h3 Bxf3 7. Nxf3 Qb6 8. Qc1 Nbd7 9. Be2 Ne4 10. 0-0 Bd6 11. Bxd6 Nxd6 12. b3 0-0 13. c4 Ne4 14. c5 Qc7 15. b4 f5 16. Bd3 Rae8 17. Qc2 h6 18. b5 Ng5 19. Nh4 Rf6 20. f4 Ne4 21. bxc6 bxc6 22. Nf3 g5 23. Ne5 Nxe5 24. fxe5 Rff8 25. Bxe4 fxe4 1/2-1/2

[Event "GER-ch Seniors"]
[Site "Dresden"]
[Date "2012.08.11"]
[Round "3"]
[White "Meier, Wolfgang"]
[Black "Kempen, Willi"]
[Result "1/2-1/2"]
[WhiteElo "2187"]
[BlackElo "2034"]
[PlyCount "42"]
[EventDate "2012.08.09"]
[EventType "swiss"]
[EventRounds "9"]
[EventCountry "GER"]
[SourceTitle "EXT 2014"]
[Source "ChessBase"]
[SourceDate "2013.11.20"]
[SourceVersion "1"]
[SourceVersionDate "2013.11.20"]
[SourceQuality "1"]

1. c4 e5 2. Nc3 Nf6 3. g3 d5 4. cxd5 Nxd5 5. Bg2 c6 6. Nf3 Bd6 7. d3 Nb6 8. 0-0 0-0 9. Bg5 f6 10. Be3 f5 11. Rc1 h6 12. Na4 Nxa4 13. Qxa4 Be6 14. a3 Nd7 15. Qc2 a5 16. d4 e4 17. Nd2 Nb6 18. Rfe1 Nd5 19. Nf1 Qf6 20. Qd2 g5 21. f4 Nxe3 1/2-1/2

[Event "Sachsen-Anhalt-ch Seniors 20th"]
[Site "Naumburg"]
[Date "2012.06.07"]
[Round "5"]
[White "Meier, Wolfgang"]
[Black "Mikolajewski, Armin"]
[Result "1/2-1/2"]
[WhiteElo "2071"]
[BlackElo "1938"]
[PlyCount "24"]
[EventDate "2012.06.03"]
[EventType "swiss"]
[EventRounds "7"]
[EventCountry "GER"]
[SourceTitle "EXT 2013"]
[Source "ChessBase"]
[SourceDate "2012.11.22"]
[SourceVersion "1"]
[SourceVersionDate "2012.11.22"]
[SourceQuality "1"]

1. Nf3 Nf6 2. c4 e6 3. d4 d5 4. g3 c6 5. Bg2 dxc4 6. 0-0 Nbd7 7. a4 Bb4 8. Qc2 0-0 9. Qxc4 a5 10. Bd2 Nd5 11. Nc3 b6 12. Nxd5 cxd5 1/2-1/2